| 000 | 00547nam a2200169 a 4500 | ||
|---|---|---|---|
| 005 | 20240614063713.0 | ||
| 008 | 991125s1898 mx 000 0 spa u | ||
| 035 | _aUPN01000042081 | ||
| 049 | _aLT | ||
| 050 | 4 |
_aLB1576 R6.5 _b1898 |
|
| 100 | 1 | _aRode, Enrique | |
| 245 | 1 | 0 |
_aNuevo método de inglés para los niños hispano-americanos de 9 a 14 años : _bescrito según el método intuitivo objetivo / _cpor Enrique Rode |
| 260 |
_aMéxico : _bHerrero, _c1898 |
||
| 300 | _a62 p. | ||
| 650 | 4 |
_aInglés _xEstudio y enseñanza _918 |
|
| 905 | _aLibro | ||
| 999 |
_c42081 _d42081 |
||